| 000 | 00841nam a2200217 a 4500 | ||
|---|---|---|---|
| 001 | 000328222 | ||
| 003 | AM-YeHGA | ||
| 005 | 20250617130713.0 | ||
| 008 | 040419s1974 ||| r 000 0 rus d | ||
| 040 | _aAM-YeHGA | ||
| 041 | 0 | _arus | |
| 100 | 1 | _aГусятинский, Игорь Александрович | |
| 245 | 1 | 0 |
_aРадиосвязь и радиовещание / _cИ.А. Гусятинский, А.А. Пирогов. |
| 260 |
_aМосква : _bСоветское радио, _c1974. |
||
| 300 |
_a176 с. : _bил., табл. |
||
| 440 | 0 |
_aБиблиотека радиоинженера. _nВып. 11 |
|
| 504 | _aБиблиогр.: с. 170 - 173 (83 назв.) | ||
| 650 | 1 | 4 | _aСовременная радиоэлектроника |
| 700 | 1 | _aПирогов, Андрей Андреевич | |
| 090 | _c124043 | ||
| 999 |
_c122690 _d122690 |
||